[Event "World Chess Olympiad 2018"]
[Site "Batumi"]
[Date "2018.09.24"]
[Round "1"]
[Board "3"]
[WhiteFideId "5114241"]
[White "Tello Chavez Isaac Valent"]
[BlackFideId "31900291"]
[Black "dos Reis Tito"]
[Result "1-0"]
[LiveChessVersion "1.4.8"]
[BlackElo "1627"]
[WhiteElo "2319"]

1. d4 {[%clk 1:30:53]} e6 {[%clk 1:30:33]} 2. Bf4 {[%clk 1:30:48]} d5
{[%clk 1:30:01]} 3. e3 {[%clk 1:30:57]} c6 {[%clk 1:29:37]} 4. Bd3
{[%clk 1:30:53]} Qb6 {[%clk 1:29:14]} 5. Qc1 {[%clk 1:26:28]} Nd7
{[%clk 1:27:42]} 6. Nf3 {[%clk 1:25:47]} h6 {[%clk 1:26:49]} 7. Nbd2
{[%clk 1:23:55]} c5 {[%clk 1:26:25]} 8. c3 {[%clk 1:23:54]} c4 {[%clk 1:25:31]}
9. Bc2 {[%clk 1:24:08]} Bd6 {[%clk 1:24:16]} 10. Bg3 {[%clk 1:21:46]} Ngf6
{[%clk 1:23:29]} 11. e4 {[%clk 1:20:14]} Ng8 {[%clk 1:21:28]} 12. O-O
{[%clk 1:18:38]} Be7 {[%clk 1:21:30]} 13. Re1 {[%clk 1:18:11]} Ngf6
{[%clk 1:21:19]} 14. exd5 {[%clk 1:17:00]} exd5 {[%clk 1:21:03]} 15. b3
{[%clk 1:16:42]} cxb3 {[%clk 1:20:36]} 16. axb3 {[%clk 1:12:18]} Nh5
{[%clk 1:17:58]} 17. Qa3 {[%clk 1:12:06]} O-O {[%clk 1:06:49]} 18. Qxe7
{[%clk 1:10:55]} Nxg3 {[%clk 1:04:42]} 19. hxg3 {[%clk 1:10:59]} Nf6
{[%clk 1:04:16]} 20. Qe3 {[%clk 1:09:50]} Be6 {[%clk 1:03:26]} 21. c4
{[%clk 1:08:08]} a6 {[%clk 1:02:52]} 22. Ne5 {[%clk 1:08:05]} Rfe8
{[%clk 1:02:18]} 23. Qd3 {[%clk 1:07:59]} Rad8 {[%clk 1:02:06]} 24. c5
{[%clk 1:08:16]} Qc7 {[%clk 1:01:54]} 25. g4 {[%clk 1:03:15]} g6 {[%clk 1:00:51]}
26. Qf3 {[%clk 1:01:05]} Kg7 {[%clk 1:00:12]} 27. Re3 {[%clk 0:59:23]} Qc8
{[%clk 0:59:29]} 28. Rae1 {[%clk 0:59:01]} Rh8 {[%clk 0:53:45]} 29. Nxg6
{[%clk 0:57:39]} Bxg4 {[%clk 0:51:45]} 30. Qf4 {[%clk 0:57:13]} Qb8
{[%clk 0:47:05]} 31. Ne5 {[%clk 0:57:18]} Qc8 {[%clk 0:43:05]} 32. Nxg4
{[%clk 0:57:22]} Nxg4 {[%clk 0:42:36]} 33. Re7 {[%clk 0:57:42]} Nf6
{[%clk 0:40:49]} 34. R1e3 {[%clk 0:58:08]} Qc6 {[%clk 0:40:25]} 35. Rc7
{[%clk 0:56:26]} Qb5 {[%clk 0:32:40]} 36. Qg3+ {[%clk 0:55:53]} Kf8
{[%clk 0:32:38]} 37. Rxf7+ {[%clk 0:56:07]} 1-0

[Event "World Chess Olympiad 2018"]
[Site "Batumi"]
[Date "2018.09.24"]
[Round "1"]
[Board "4"]
[WhiteFideId "31900348"]
[White "Fatima Jose"]
[BlackFideId "5110491"]
[Black "Garcia Almaguer Juan Manuel"]
[Result "0-1"]
[LiveChessVersion "1.4.8"]
[BlackElo "2229"]
[WhiteElo "1587"]

1. d4 {[%clk 1:30:18]} Nf6 {[%clk 1:30:46]} 2. c4 {[%clk 1:30:12]} e6
{[%clk 1:30:33]} 3. Nf3 {[%clk 1:30:05]} d5 {[%clk 1:30:56]} 4. e3
{[%clk 1:28:13]} Nbd7 {[%clk 1:29:20]} 5. c5 {[%clk 1:28:07]} c6 {[%clk 1:28:22]}
6. Bd3 {[%clk 1:27:06]} Qc7 {[%clk 1:27:22]} 7. Qc2 {[%clk 1:24:43]} e5
{[%clk 1:26:00]} 8. Nxe5 {[%clk 1:21:47]} Nxe5 {[%clk 1:24:04]} 9. dxe5
{[%clk 1:22:05]} Qxe5 {[%clk 1:23:08]} 10. Bd2 {[%clk 1:19:32]} Qg5
{[%clk 1:20:01]} 11. Na3 {[%clk 1:09:13]} Qxg2 {[%clk 1:05:30]} 12. O-O-O
{[%clk 1:09:25]} Be6 {[%clk 1:03:41]} 13. Qb3 {[%clk 1:01:16]} Bxc5
{[%clk 1:01:56]} 14. Qxb7 {[%clk 0:55:43]} O-O {[%clk 1:02:09]} 15. Rhg1
{[%clk 0:54:55]} Qxh2 {[%clk 0:55:43]} 16. Bc3 {[%clk 0:52:44]} d4
{[%clk 0:42:22]} 17. exd4 {[%clk 0:47:15]} Bxa3 {[%clk 0:41:44]} 18. d5
{[%clk 0:41:27]} cxd5 {[%clk 0:39:57]} 19. Bxf6 {[%clk 0:37:05]} Qf4+
{[%clk 0:40:18]} 20. Rd2 {[%clk 0:34:20]} Rac8+ {[%clk 0:35:27]} 21. Kb1
{[%clk 0:33:40]} Qxf6 {[%clk 0:35:41]} 22. f3 {[%clk 0:29:52]} Rb8
{[%clk 0:35:16]} 23. Rh2 {[%clk 0:28:46]} h6 {[%clk 0:35:27]} 24. Qc7
{[%clk 0:24:40]} Rxb2+ {[%clk 0:35:31]} 0-1

[Event "World Chess Olympiad 2018"]
[Site "Batumi"]
[Date "2018.09.24"]
[Round "1"]
[Board "1"]
[WhiteFideId "1622218"]
[White "Kamara Ansumana"]
[BlackFideId "7200013"]
[Black "Rodgaard John"]
[Result "0-1"]
[LiveChessVersion "1.4.8"]
[BlackElo "2331"]
[WhiteElo "1910"]

1. e4 {[%clk 1:30:44]} e6 {[%clk 1:30:23]} 2. d4 {[%clk 1:31:01]} d5
{[%clk 1:30:44]} 3. Nc3 {[%clk 1:31:18]} Bb4 {[%clk 1:30:28]} 4. e5
{[%clk 1:31:34]} Ne7 {[%clk 1:30:19]} 5. a3 {[%clk 1:31:32]} Bxc3+
{[%clk 1:30:29]} 6. bxc3 {[%clk 1:31:51]} c5 {[%clk 1:30:34]} 7. Nf3
{[%clk 1:31:44]} b6 {[%clk 1:26:18]} 8. Be3 {[%clk 1:29:35]} Qc7 {[%clk 1:23:52]}
9. Qd2 {[%clk 1:29:05]} Ba6 {[%clk 1:14:10]} 10. Bxa6 {[%clk 1:29:10]} Nxa6
{[%clk 1:14:38]} 11. O-O {[%clk 1:29:23]} Rc8 {[%clk 1:13:46]} 12. Rfc1
{[%clk 1:26:32]} Nb8 {[%clk 1:09:18]} 13. h3 {[%clk 1:23:13]} Nd7
{[%clk 0:59:38]} 14. Bg5 {[%clk 1:22:19]} Nc6 {[%clk 0:47:34]} 15. Bh4
{[%clk 1:19:17]} O-O {[%clk 0:40:39]} 16. Qg5 {[%clk 1:18:58]} Rfe8
{[%clk 0:37:52]} 17. Qg4 {[%clk 1:18:04]} Ne7 {[%clk 0:35:24]} 18. Ng5
{[%clk 1:10:38]} Nf5 {[%clk 0:30:55]} 19. Qh5 {[%clk 1:02:45]} Nf8
{[%clk 0:29:53]} 20. dxc5 {[%clk 1:02:16]} Nxh4 {[%clk 0:24:02]} 21. cxb6
{[%clk 1:00:23]} axb6 {[%clk 0:23:16]} 22. Qxh4 {[%clk 0:55:31]} Qxe5
{[%clk 0:17:57]} 0-1

[Event "World Chess Olympiad 2018"]
[Site "Batumi"]
[Date "2018.09.24"]
[Round "1"]
[Board "2"]
[WhiteFideId "7200420"]
[White "Berg Olaf"]
[BlackFideId "17800048"]
[Black "Winston Gerald Mansfield Thomas"]
[Result "1-0"]
[LiveChessVersion "1.4.8"]
[BlackElo "1844"]
[WhiteElo "2248"]

1. e4 {[%clk 1:30:52]} c5 {[%clk 1:30:44]} 2. Nf3 {[%clk 1:31:10]} d6
{[%clk 1:31:03]} 3. c3 {[%clk 1:31:27]} Nf6 {[%clk 1:31:16]} 4. Be2
{[%clk 1:31:44]} Nc6 {[%clk 1:31:11]} 5. d4 {[%clk 1:25:08]} cxd4
{[%clk 1:27:17]} 6. cxd4 {[%clk 1:25:27]} Nxe4 {[%clk 1:25:29]} 7. d5
{[%clk 1:25:36]} Qa5+ {[%clk 1:25:48]} 8. Nc3 {[%clk 1:24:58]} Nb8
{[%clk 1:25:37]} 9. O-O {[%clk 1:21:39]} Nxc3 {[%clk 1:25:21]} 10. bxc3
{[%clk 1:21:38]} g6 {[%clk 1:25:36]} 11. Qd4 {[%clk 1:20:00]} f6 {[%clk 1:25:26]}
12. Rb1 {[%clk 1:13:40]} a6 {[%clk 1:23:11]} 13. Re1 {[%clk 1:05:28]} Qc5
{[%clk 1:20:48]} 14. Qa4+ {[%clk 0:55:10]} Bd7 {[%clk 1:18:55]} 15. Qh4
{[%clk 0:42:44]} Qxd5 {[%clk 0:53:57]} 16. Nd4 {[%clk 0:41:08]} Qf7
{[%clk 0:49:47]} 17. Rxb7 {[%clk 0:39:21]} e5 {[%clk 0:49:51]} 18. Bf3
{[%clk 0:29:13]} d5 {[%clk 0:47:41]} 19. Bxd5 {[%clk 0:27:48]} Qxd5
{[%clk 0:30:51]} 20. Qxf6 {[%clk 0:28:07]} e4 {[%clk 0:27:57]} 21. Qxh8
{[%clk 0:23:33]} Qxb7 {[%clk 0:27:36]} 22. Bh6 {[%clk 0:23:39]} Kd8
{[%clk 0:26:38]} 23. Qxf8+ {[%clk 0:23:55]} Kc7 {[%clk 0:26:55]} 24. Bf4+
{[%clk 0:20:10]} Kb6 {[%clk 0:26:52]} 25. Qd8+ {[%clk 0:19:41]} Ka7
{[%clk 0:26:46]} 26. Be3 {[%clk 0:18:19]} a5 {[%clk 0:27:04]} 27. Nc6+
{[%clk 0:18:33]} 1-0

[Event "World Chess Olympiad 2018"]
[Site "Batumi"]
[Date "2018.09.24"]
[Round "1"]
[Board "3"]
[WhiteFideId "10001034"]
[White "Lwebuga Ronald"]
[BlackFideId "7200315"]
[Black "Poulsen Martin"]
[Result "0-1"]
[LiveChessVersion "1.4.8"]
[BlackElo "2239"]
[WhiteElo "1819"]

1. Nf3 {[%clk 1:30:53]} g6 {[%clk 1:28:47]} 2. d4 {[%clk 1:30:45]} Bg7
{[%clk 1:29:05]} 3. c4 {[%clk 1:30:52]} d6 {[%clk 1:27:03]} 4. g3
{[%clk 1:30:50]} Nd7 {[%clk 1:22:45]} 5. Bg2 {[%clk 1:29:54]} e5 {[%clk 1:22:35]}
6. Nc3 {[%clk 1:28:49]} Ngf6 {[%clk 1:08:03]} 7. dxe5 {[%clk 1:28:30]} dxe5
{[%clk 1:06:42]} 8. Qc2 {[%clk 1:28:19]} O-O {[%clk 1:05:43]} 9. O-O
{[%clk 1:28:31]} Re8 {[%clk 1:01:35]} 10. Rd1 {[%clk 1:27:15]} c6
{[%clk 0:46:09]} 11. Ng5 {[%clk 1:24:03]} Qe7 {[%clk 0:33:11]} 12. Nge4
{[%clk 1:22:23]} Nxe4 {[%clk 0:29:29]} 13. Nxe4 {[%clk 1:22:35]} Nf6
{[%clk 0:26:17]} 14. Nd6 {[%clk 1:21:04]} Rd8 {[%clk 0:25:10]} 15. c5
{[%clk 1:19:50]} Ne8 {[%clk 0:22:41]} 16. Nxc8 {[%clk 1:11:23]} Rxd1+
{[%clk 0:20:34]} 17. Qxd1 {[%clk 1:11:28]} Rxc8 {[%clk 0:21:00]} 18. b4
{[%clk 1:08:13]} Rd8 {[%clk 0:16:20]} 19. Qc2 {[%clk 1:08:15]} Nc7
{[%clk 0:13:53]} 20. Bb2 {[%clk 1:07:55]} Qd7 {[%clk 0:13:43]} 21. Bc3
{[%clk 0:58:14]} Nb5 {[%clk 0:09:19]} 22. Rc1 {[%clk 0:53:50]} Qe6
{[%clk 0:07:30]} 23. a4 {[%clk 0:51:41]} Nxc3 {[%clk 0:01:36]} 24. Qxc3
{[%clk 0:52:03]} e4 {[%clk 0:01:06]} 25. Qc2 {[%clk 0:48:43]} e3 {[%clk 0:01:01]}
26. fxe3 {[%clk 0:47:50]} Qxe3+ {[%clk 0:01:01]} 27. Kh1 {[%clk 0:48:04]} Rd2
{[%clk 0:00:49]} 28. Qe4 {[%clk 0:47:23]} Qxe4 {[%clk 0:00:52]} 29. Bxe4
{[%clk 0:47:51]} Rd4 {[%clk 0:00:52]} 30. Bf3 {[%clk 0:38:33]} Rxb4
{[%clk 0:01:12]} 31. Rd1 {[%clk 0:37:06]} Bd4 {[%clk 0:01:04]} 32. Rc1
{[%clk 0:36:27]} Rxa4 {[%clk 0:00:45]} 33. Rb1 {[%clk 0:36:48]} Ra1
{[%clk 0:00:44]} 34. Rxa1 {[%clk 0:35:38]} Bxa1 {[%clk 0:01:07]} 35. Bg4
{[%clk 0:36:00]} f5 {[%clk 0:00:42]} 36. Bh3 {[%clk 0:36:29]} Bd4
{[%clk 0:00:40]} 37. e4 {[%clk 0:36:57]} fxe4 {[%clk 0:00:40]} 0-1

[Event "Wolrd Chess Olympiad 2018"]
[Site "Batumi"]
[Date "2018.09.24"]
[Round "1"]
[Board "1"]
[WhiteFideId "4300106"]
[White "Dive Russell John"]
[BlackFideId "9800336"]
[Black "Pillay Harish"]
[Result "1-0"]
[LiveChessVersion "1.4.8"]
[BlackElo "1250"]
[WhiteElo "2297"]

1. Nf3 {[%clk 1:30:54]} d5 {[%clk 1:30:46]} 2. c4 {[%clk 1:31:04]} c6
{[%clk 1:30:42]} 3. b3 {[%clk 1:31:13]} g6 {[%clk 1:30:48]} 4. Bb2
{[%clk 1:31:23]} Nf6 {[%clk 1:30:28]} 5. g3 {[%clk 1:31:24]} Bg7 {[%clk 1:30:08]}
6. Bg2 {[%clk 1:31:45]} O-O {[%clk 1:30:13]} 7. O-O {[%clk 1:32:13]} Bf5
{[%clk 1:30:03]} 8. d3 {[%clk 1:31:48]} Nbd7 {[%clk 1:29:29]} 9. Nbd2
{[%clk 1:31:01]} Re8 {[%clk 1:29:04]} 10. Nd4 {[%clk 1:28:15]} e6
{[%clk 1:27:46]} 11. h3 {[%clk 1:26:15]} h5 {[%clk 1:27:20]} 12. e4
{[%clk 1:24:54]} e5 {[%clk 1:24:58]} 13. exf5 {[%clk 1:23:41]} exd4
{[%clk 1:24:50]} 14. fxg6 {[%clk 1:23:29]} fxg6 {[%clk 1:24:51]} 15. Bxd4
{[%clk 1:23:50]} c5 {[%clk 1:22:58]} 16. Be3 {[%clk 1:22:45]} d4 {[%clk 1:22:29]}
17. Bg5 {[%clk 1:23:07]} Qc7 {[%clk 1:21:41]} 18. Ne4 {[%clk 1:22:53]} Re7
{[%clk 1:17:32]} 19. Qd2 {[%clk 1:18:03]} Rf7 {[%clk 1:16:41]} 20. Rae1
{[%clk 1:16:52]} Nh7 {[%clk 1:13:53]} 21. h4 {[%clk 1:11:59]} Raf8
{[%clk 1:13:09]} 22. f4 {[%clk 1:10:50]} b6 {[%clk 1:10:58]} 23. Bh3
{[%clk 1:04:47]} Bf6 {[%clk 1:09:54]} 24. Be6 {[%clk 1:04:41]} Kg7
{[%clk 1:08:43]} 25. Bxf7 {[%clk 1:04:54]} Rxf7 {[%clk 1:08:34]} 26. Qg2
{[%clk 1:04:08]} Bxg5 {[%clk 1:04:27]} 27. Nxg5 {[%clk 1:03:06]} Rf8
{[%clk 1:02:44]} 28. Ne6+ {[%clk 1:03:26]} Kh6 29. Nxc7 {[%clk 1:03:48]} Ndf6
{[%clk 1:00:34]} 30. Ne6 Rg8 31. Ng5 {[%clk 1:03:53]} Nf8 {[%clk 0:59:36]} 32.
Re7 {[%clk 1:03:57]} a5 {[%clk 0:59:03]} 33. Rfe1 {[%clk 1:02:35]} N8d7
{[%clk 0:57:13]} 34. Qc6 {[%clk 1:02:39]} Rf8 35. Qxd7 {[%clk 1:02:52]} Nxd7
{[%clk 0:55:39]} 36. Rh7# {[%clk 1:03:13]} 1-0

[Event "Wolrd Chess Olympiad 2018"]
[Site "Batumi"]
[Date "2018.09.24"]
[Round "1"]
[Board "2"]
[WhiteFideId "24613959"]
[White "Stratonowitsch Andre"]
[BlackFideId "405647"]
[Black "Hague Ben"]
[Result "1/2-1/2"]
[LiveChessVersion "1.4.8"]
[BlackElo "2405"]
[WhiteElo "2138"]

1. e4 {[%clk 1:30:51]} c5 {[%clk 1:30:52]} 2. Nf3 {[%clk 1:31:08]} Nc6
{[%clk 1:31:16]} 3. d4 {[%clk 1:31:26]} cxd4 {[%clk 1:31:35]} 4. Nxd4
{[%clk 1:31:49]} e5 {[%clk 1:31:59]} 5. Nb5 {[%clk 1:32:08]} d6 {[%clk 1:32:23]}
6. N1c3 {[%clk 1:32:18]} a6 {[%clk 1:32:45]} 7. Na3 {[%clk 1:32:38]} Be7
{[%clk 1:33:06]} 8. Nd5 {[%clk 1:27:14]} Nf6 {[%clk 1:33:09]} 9. Nxf6+
{[%clk 1:27:16]} Bxf6 {[%clk 1:33:31]} 10. Nc4 {[%clk 1:27:02]} O-O
{[%clk 1:31:15]} 11. Be2 {[%clk 1:25:03]} Be7 {[%clk 1:18:46]} 12. Ne3
{[%clk 1:22:32]} Be6 {[%clk 1:17:27]} 13. O-O {[%clk 1:22:41]} Rc8
{[%clk 1:14:50]} 14. c3 {[%clk 1:18:04]} Bg5 {[%clk 1:08:44]} 15. Nd5
{[%clk 1:12:49]} Bxc1 {[%clk 1:03:48]} 16. Rxc1 {[%clk 1:12:23]} Ne7
{[%clk 1:02:42]} 17. Nxe7+ {[%clk 1:04:07]} Qxe7 {[%clk 1:03:06]} 18. Bd3
{[%clk 1:03:42]} h6 {[%clk 0:57:44]} 19. Re1 {[%clk 0:59:16]} d5 {[%clk 0:44:38]}
20. exd5 {[%clk 0:59:14]} Bxd5 {[%clk 0:44:58]} 21. Bh7+ {[%clk 0:58:45]} Kxh7
{[%clk 0:45:23]} 22. Qxd5 {[%clk 0:59:14]} Rc5 {[%clk 0:44:28]} 23. Qd3+
{[%clk 0:59:12]} f5 {[%clk 0:40:07]} 24. Rcd1 {[%clk 0:56:51]} Rf6
{[%clk 0:28:28]} 25. h3 {[%clk 0:55:08]} e4 {[%clk 0:26:38]} 26. Qd7
{[%clk 0:54:28]} Qe5 {[%clk 0:25:48]} 27. Rd4 {[%clk 0:52:53]} Rb6
{[%clk 0:22:57]} 28. b3 {[%clk 0:49:21]} Rxc3 {[%clk 0:18:04]} 29. Rd5
{[%clk 0:49:11]} Qe6 {[%clk 0:18:21]} 30. Qxe6 {[%clk 0:49:02]} Rxe6
{[%clk 0:18:45]} 31. Rxf5 {[%clk 0:49:18]} Rc2 {[%clk 0:18:54]} 32. Rf7
{[%clk 0:42:35]} Rxa2 {[%clk 0:17:23]} 33. Rxb7 {[%clk 0:42:40]} Rf6
{[%clk 0:12:41]} 34. Rxe4 {[%clk 0:42:32]} Raxf2 {[%clk 0:12:44]} 35. Rg4
{[%clk 0:42:41]} Rf1+ {[%clk 0:10:46]} 36. Kh2 {[%clk 0:42:32]} Rf7
{[%clk 0:10:53]} 37. Rxf7 {[%clk 0:42:36]} 1/2-1/2

[Event "Wolrd Chess Olympiad 2018"]
[Site "Batumi"]
[Date "2018.09.24"]
[Round "1"]
[Board "3"]
[WhiteFideId "4300599"]
[White "Kulashko Alexei"]
[BlackFideId "9800174"]
[Black "Pillay Ragul"]
[Result "1-0"]
[LiveChessVersion "1.4.8"]
[BlackElo "1353"]
[WhiteElo "2349"]

1. e4 {[%clk 1:30:57]} c5 {[%clk 1:30:43]} 2. Nf3 {[%clk 1:31:19]} Nc6
{[%clk 1:29:55]} 3. Bb5 {[%clk 1:31:40]} Nd4 {[%clk 1:28:02]} 4. Nxd4
{[%clk 1:31:41]} cxd4 {[%clk 1:27:47]} 5. O-O {[%clk 1:31:31]} e5
{[%clk 1:22:38]} 6. c3 {[%clk 1:28:29]} Nf6 {[%clk 1:17:27]} 7. cxd4
{[%clk 1:26:58]} Qb6 {[%clk 1:14:10]} 8. dxe5 {[%clk 1:24:46]} Nxe4
{[%clk 1:13:35]} 9. Qe2 {[%clk 1:20:50]} Nc5 {[%clk 1:03:41]} 10. Nc3
{[%clk 1:11:45]} Ne6 {[%clk 0:58:14]} 11. Bc4 {[%clk 1:09:23]} Bc5
{[%clk 0:53:24]} 12. d3 {[%clk 1:05:44]} O-O {[%clk 0:51:32]} 13. Nd5
{[%clk 0:50:48]} Qd8 {[%clk 0:44:33]} 14. Be3 {[%clk 0:47:37]} Bxe3
{[%clk 0:41:24]} 15. Qxe3 {[%clk 0:46:49]} d6 {[%clk 0:40:19]} 16. d4
{[%clk 0:46:25]} dxe5 {[%clk 0:39:43]} 17. dxe5 {[%clk 0:46:38]} Qh4
{[%clk 0:39:30]} 18. f4 {[%clk 0:45:20]} b6 {[%clk 0:37:58]} 19. Rf3
{[%clk 0:34:10]} Bb7 {[%clk 0:33:11]} 20. Rh3 {[%clk 0:33:40]} Qg4
{[%clk 0:28:40]} 21. Be2 {[%clk 0:31:31]} Qxh3 {[%clk 0:27:17]} 22. Ne7+
{[%clk 0:31:39]} Kh8 {[%clk 0:27:34]} 23. gxh3 {[%clk 0:30:56]} Rfe8
{[%clk 0:27:33]} 24. Nf5 {[%clk 0:31:07]} Rad8 {[%clk 0:27:08]} 25. Nd6
{[%clk 0:30:59]} Re7 {[%clk 0:27:23]} 26. Nxb7 {[%clk 0:30:51]} Rxb7
{[%clk 0:27:44]} 27. Rd1 {[%clk 0:30:47]} Rc8 {[%clk 0:27:10]} 28. Ba6
{[%clk 0:30:35]} 1-0

[Event "Wolrd Chess Olympiad 2018"]
[Site "Batumi"]
[Date "2018.09.24"]
[Round "1"]
[Board "4"]
[WhiteFideId "9800069"]
[White "Hoareau Benjamin"]
[BlackFideId "4300084"]
[Black "Ker Anthony F"]
[Result "0-1"]
[LiveChessVersion "1.4.8"]
[BlackElo "2315"]
[WhiteElo "1820"]

1. Nf3 {[%clk 1:21:16]} c5 {[%clk 1:30:48]} 2. b3 {[%clk 1:20:54]} d6
{[%clk 1:22:10]} 3. Bb2 {[%clk 1:18:51]} e5 {[%clk 1:22:17]} 4. e4
{[%clk 1:16:55]} Nf6 {[%clk 1:21:54]} 5. Nc3 {[%clk 1:16:59]} Be7
{[%clk 1:21:33]} 6. Bb5+ {[%clk 1:17:01]} Nc6 {[%clk 1:20:32]} 7. O-O
{[%clk 1:12:16]} Bg4 {[%clk 1:20:19]} 8. Re1 {[%clk 1:12:28]} O-O
{[%clk 1:19:55]} 9. Bxc6 {[%clk 1:10:44]} bxc6 {[%clk 1:20:19]} 10. Qe2
{[%clk 1:10:38]} Nh5 {[%clk 1:18:25]} 11. Qe3 {[%clk 1:10:31]} Nf4
{[%clk 1:16:41]} 12. Ne2 {[%clk 1:10:52]} Bg5 {[%clk 1:09:37]} 13. Qc3
{[%clk 1:08:39]} f5 {[%clk 1:07:28]} 14. Nxg5 {[%clk 1:07:52]} Nxe2+
{[%clk 0:55:09]} 15. Rxe2 {[%clk 1:08:02]} Qxg5 {[%clk 0:55:02]} 16. Rae1
{[%clk 1:06:45]} fxe4 {[%clk 0:48:18]} 17. Rxe4 {[%clk 1:03:48]} Bf3
{[%clk 0:48:07]} 18. g3 {[%clk 1:03:46]} Bxe4 {[%clk 0:47:22]} 19. Rxe4
{[%clk 1:04:04]} Rf7 {[%clk 0:44:39]} 20. Qd3 {[%clk 1:02:51]} Qf5
{[%clk 0:42:51]} 21. Qe3 {[%clk 1:02:19]} Raf8 {[%clk 0:40:18]} 22. f4
{[%clk 1:01:24]} Qg4 {[%clk 0:38:29]} 23. Bc3 {[%clk 0:59:16]} exf4
{[%clk 0:36:45]} 24. Qe1 {[%clk 0:59:19]} d5 {[%clk 0:33:41]} 25. Ra4
{[%clk 0:55:35]} d4 {[%clk 0:33:30]} 0-1

[Event "Wolrd Chess Olympiad 2018"]
[Site "Batumi"]
[Date "2018.09.24"]
[Round "1"]
[Board "1"]
[WhiteFideId "22600078"]
[White "Barcon Harmon"]
[BlackFideId "3600017"]
[Black "Matamoros Franco Carlos S."]
[Result "0-1"]
[LiveChessVersion "1.4.8"]
[BlackElo "2494"]
[WhiteElo "1896"]

1. e4 {[%clk 1:30:44]} e6 {[%clk 1:30:52]} 2. d4 {[%clk 1:30:44]} d5
{[%clk 1:31:15]} 3. Nd2 {[%clk 1:30:32]} Nc6 {[%clk 1:31:34]} 4. Ngf3
{[%clk 1:29:59]} Nf6 {[%clk 1:31:54]} 5. exd5 {[%clk 1:29:42]} exd5
{[%clk 1:31:58]} 6. Be2 {[%clk 1:28:40]} Bd6 {[%clk 1:31:27]} 7. O-O
{[%clk 1:28:56]} O-O {[%clk 1:29:53]} 8. Re1 {[%clk 1:28:21]} Re8
{[%clk 1:13:01]} 9. Nf1 {[%clk 1:20:13]} h6 {[%clk 1:06:16]} 10. a3
{[%clk 1:18:34]} Bg4 {[%clk 0:56:04]} 11. Be3 {[%clk 1:08:24]} Ne7
{[%clk 0:41:33]} 12. c4 {[%clk 0:47:44]} dxc4 {[%clk 0:41:04]} 13. Bxc4
{[%clk 0:47:16]} Ned5 {[%clk 0:41:01]} 14. h3 {[%clk 0:45:52]} Bh5
{[%clk 0:39:01]} 15. Bd3 {[%clk 0:43:43]} Qd7 {[%clk 0:36:13]} 16. Be2
{[%clk 0:36:31]} Re7 {[%clk 0:33:19]} 17. Ne5 {[%clk 0:26:00]} Bxe2
{[%clk 0:25:37]} 18. Nxd7 {[%clk 0:25:42]} Bxd1 {[%clk 0:26:02]} 19. Nxf6+
{[%clk 0:25:33]} Nxf6 {[%clk 0:26:28]} 20. Raxd1 {[%clk 0:24:10]} Rd8
{[%clk 0:20:50]} 21. g4 {[%clk 0:22:40]} Nd5 {[%clk 0:20:01]} 22. Kg2
{[%clk 0:22:35]} Rde8 {[%clk 0:16:21]} 23. Kf3 {[%clk 0:17:59]} Nf4
{[%clk 0:16:26]} 24. h4 {[%clk 0:15:51]} Ng6 {[%clk 0:16:50]} 25. h5
{[%clk 0:11:58]} Nh4+ {[%clk 0:17:15]} 26. Ke2 {[%clk 0:12:15]} Ng2
{[%clk 0:17:12]} 27. Kd3 {[%clk 0:12:22]} Nxe1+ {[%clk 0:17:17]} 28. Rxe1
{[%clk 0:12:29]} f5 {[%clk 0:17:24]} 29. gxf5 {[%clk 0:12:26]} Rf8
{[%clk 0:17:41]} 30. Ng3 {[%clk 0:12:16]} Bxg3 {[%clk 0:17:56]} 31. fxg3
{[%clk 0:12:14]} Rxf5 {[%clk 0:18:20]} 32. Bd2 {[%clk 0:07:02]} Rxe1
{[%clk 0:18:23]} 33. Bxe1 {[%clk 0:07:30]} Rxh5 {[%clk 0:18:46]} 34. Ke4
{[%clk 0:07:35]} c6 {[%clk 0:19:08]} 35. Bf2 {[%clk 0:07:08]} a6 {[%clk 0:19:28]}
36. Be3 {[%clk 0:06:13]} Kf7 {[%clk 0:19:46]} 37. a4 {[%clk 0:05:35]} Rh2
{[%clk 0:19:27]} 0-1

[Event "Wolrd Chess Olympiad 2018"]
[Site "Batumi"]
[Date "2018.09.24"]
[Round "1"]
[Board "2"]
[WhiteFideId "3609677"]
[White "Barros Rivadeneira Cristhian"]
[BlackFideId "22600124"]
[Black "Jacob Jallah"]
[Result "0-1"]
[LiveChessVersion "1.4.8"]
[BlackElo "1835"]
[WhiteElo "2345"]

1. c4 {[%clk 1:30:42]} e5 {[%clk 1:30:34]} 2. Nc3 {[%clk 1:30:23]} Nc6
{[%clk 1:30:33]} 3. g3 {[%clk 1:30:21]} f5 {[%clk 1:30:54]} 4. Bg2
{[%clk 1:29:51]} Nf6 {[%clk 1:29:06]} 5. d3 {[%clk 1:29:12]} Be7 {[%clk 1:29:09]}
6. e3 {[%clk 1:29:12]} O-O {[%clk 1:27:55]} 7. Nge2 {[%clk 1:29:02]} Kh8
{[%clk 1:26:07]} 8. O-O {[%clk 1:25:24]} Qe8 {[%clk 1:25:49]} 9. Nd5
{[%clk 1:22:33]} Nxd5 {[%clk 1:24:30]} 10. cxd5 {[%clk 1:22:38]} Nd8
{[%clk 1:24:37]} 11. b3 {[%clk 1:20:53]} c5 {[%clk 1:21:44]} 12. Bb2
{[%clk 1:09:06]} d6 {[%clk 1:20:56]} 13. Qd2 {[%clk 1:08:40]} Bf6
{[%clk 1:19:40]} 14. Rae1 {[%clk 0:59:04]} Qg6 {[%clk 1:17:45]} 15. f4
{[%clk 0:48:17]} Bd7 {[%clk 1:16:45]} 16. e4 {[%clk 0:27:55]} b6 {[%clk 1:15:10]}
17. Bh3 {[%clk 0:17:49]} Qh5 {[%clk 1:13:22]} 18. Bxf5 {[%clk 0:16:50]} Bxf5
{[%clk 1:11:44]} 19. exf5 {[%clk 0:17:12]} Nf7 {[%clk 1:10:15]} 20. Qd1
{[%clk 0:09:35]} Nh6 {[%clk 1:09:12]} 21. Nc3 {[%clk 0:03:15]} Ng4
{[%clk 1:08:31]} 22. h4 {[%clk 0:03:41]} exf4 {[%clk 1:08:20]} 23. Rxf4
{[%clk 0:03:51]} Bd4+ {[%clk 1:08:36]} 24. Kh1 {[%clk 0:04:15]} Nf6
{[%clk 1:06:03]} 25. Qf3 {[%clk 0:00:38]} Be5 {[%clk 1:03:16]} 26. Qxh5
{[%clk 0:00:33]} Nxh5 {[%clk 1:03:28]} 27. Rf3 {[%clk 0:00:35]} Nxg3+
{[%clk 1:03:34]} 28. Kg1 {[%clk 0:01:01]} Rxf5 {[%clk 1:03:04]} 29. Rxf5
{[%clk 0:00:47]} Nxf5 {[%clk 1:03:27]} 30. Nd1 {[%clk 0:00:37]} Nxh4
{[%clk 1:03:24]} 31. Re4 {[%clk 0:00:33]} Ng6 {[%clk 1:02:36]} 32. Bxe5
{[%clk 0:00:32]} Nxe5 {[%clk 1:02:52]} 33. Ne3 {[%clk 0:00:58]} Kg8
{[%clk 1:01:37]} 34. Nc4 {[%clk 0:00:45]} Nxc4 {[%clk 1:01:48]} 35. dxc4
{[%clk 0:01:11]} Kf7 {[%clk 1:01:39]} 36. Re6 {[%clk 0:01:31]} Rd8
{[%clk 1:01:05]} 37. Kf2 {[%clk 0:01:51]} Rd7 {[%clk 1:01:02]} 38. Kf3
{[%clk 0:01:51]} Kf8 {[%clk 1:01:11]} 39. Kg4 {[%clk 0:01:15]} g6
{[%clk 1:01:05]} 40. Kg5 {[%clk 0:00:00]} Kg7 {[%clk 1:01:05]} 41. Kg4
{[%clk 0:00:00]} 0-1